[Event "C.to Provinciale RM"]
[Site "Roma ITA"]
[Date "1997.??.??"]
[Round "2"]
[White "Scagliarini, Bruno"]
[Black "Russi, Roberto"]
[Result "0-1"]
[WhiteElo "1974"]
[BlackElo "1690"]
[PlyCount "88"]
[EventDate "1997.??.??"]

1. c4 g6 2. g3 Bg7 3. Bg2 e5 4. Nc3 d6 5. e3 f5 6. Nge2 Nd7 7. d3 Ngf6 8. b4
O-O 9. O-O c6 10. Rb1 Qc7 11. a4 Rb8 12. d4 Nh5 13. b5 Kh8 14. bxc6 bxc6 15.
Rxb8 Nxb8 16. Ba3 Rd8 17. Qb3 Ba6 18. Rb1 Nd7 19. Qa2 Rb8 20. Rxb8+ Nxb8 21.
Qb3 Nd7 22. Qb4 Bf8 23. Qb3 Nhf6 24. Nc1 e4 25. N1e2 Nb6 26. c5 Nc4 27. Nf4 d5
28. Bc1 Bh6 29. Ne6 Qc8 30. Nf4 g5 31. Nfe2 Nh5 32. Na2 Na5 33. Qc3 Qc7 34. Bf1
Bc4 35. Qb2 f4 36. exf4 gxf4 37. Nxf4 Nxf4 38. Bxf4 Bxf4 39. gxf4 Qxf4 40. Bg2
Nb3 41. Nb4 Qg4 42. h3 Qg6 43. Nc2 Qg7 44. Ne3 Nxd4 0-1

[Event "C.to Provinciale RM"]
[Site "Roma ITA"]
[Date "1997.??.??"]
[Round "2"]
[White "Sibilio, Mario"]
[Black "Simeoni, Matteo"]
[Result "1-0"]
[WhiteElo "2320"]
[BlackElo "1830"]
[PlyCount "35"]
[EventDate "1997.??.??"]

1. d4 f5 2. Nc3 d5 3. e4 dxe4 4. f3 e3 5. Bxe3 Nf6 6. Bc4 Nc6 7. Nh3 e5 8. Ng5
exd4 9. Bf7+ Ke7 10. Qe2 Ne4 11. fxe4 dxc3 12. Rd1 Bd7 13. e5 b6 14. e6 cxb2
15. O-O Ne5 16. Rxf5 Bb5 17. Qe1 Nc6 18. Rxb5 1-0

[Event "C.to Provinciale RM"]
[Site "Roma ITA"]
[Date "1997.??.??"]
[Round "3"]
[White "Celletti, Luca"]
[Black "Scagliarini, Bruno"]
[Result "0-1"]
[WhiteElo "1600"]
[BlackElo "1974"]
[PlyCount "60"]
[EventDate "1997.??.??"]

1. e4 e6 2. d4 d5 3. Nc3 Bb4 4. e5 c5 5. a3 Bxc3+ 6. bxc3 Ne7 7. Qg4 Kf8 8. Nf3
Qa5 9. Bd2 Qa4 10. Kd1 Nbc6 11. h4 b6 12. h5 h6 13. Qf4 Ba6 14. g4 Bxf1 15.
Rxf1 cxd4 16. Rg1 Rc8 17. Nh4 Nd8 18. Rg3 Rc4 19. Qf3 Ke8 20. Qd3 dxc3 21. Bxc3
Rxg4 22. Nf3 Rxg3 23. fxg3 Ndc6 24. Kc1 Kd7 25. Nd4 Nxd4 26. Qxd4 Qxd4 27. Bxd4
Rc8 28. g4 Rc4 29. Be3 Rxg4 30. Kd2 Nc6 0-1

[Event "C.to Provinciale RM"]
[Site "Roma ITA"]
[Date "1997.??.??"]
[Round "3"]
[White "Chiaretti, Roberto"]
[Black "Russi, Roberto"]
[Result "1-0"]
[WhiteElo "2150"]
[BlackElo "1690"]
[PlyCount "63"]
[EventDate "1997.??.??"]

1. e4 g6 2. d4 Bg7 3. Nf3 d6 4. Bc4 Nf6 5. Qe2 O-O 6. e5 dxe5 7. dxe5 Nd5 8. h3
h6 9. O-O e6 10. Bb3 Qe7 11. c4 Nb6 12. Nc3 Nc6 13. Bf4 Na5 14. Ne4 Nxb3 15.
axb3 Nd7 16. Rfd1 b6 17. Qe3 Kh7 18. Nf6+ Nxf6 19. exf6 Qxf6 20. Bxc7 Qe7 21.
Bd6 Qf6 22. Bxf8 Bxf8 23. Qe4 Rb8 24. Rxa7 Bc5 25. b4 Bxb4 26. Ne5 Be7 27. Ng4
Qg5 28. Qe5 Rb7 29. Rxb7 Bxb7 30. Rd7 Bc6 31. Rxe7 Qxe7 32. Nf6+ 1-0

[Event "C.to Provinciale RM"]
[Site "Roma ITA"]
[Date "1997.??.??"]
[Round "3"]
[White "De Vita, Igor"]
[Black "Abuhamdieh, Arafat"]
[Result "1-0"]
[WhiteElo "2115"]
[BlackElo "1294"]
[PlyCount "75"]
[EventDate "1997.??.??"]

1. e4 e5 2. Nf3 Nc6 3. d4 exd4 4. Nxd4 Nxd4 5. Qxd4 d6 6. Nc3 Qf6 7. Qd3 c6 8.
Be3 Be7 9. f3 Qg6 10. O-O-O Nf6 11. Bf4 d5 12. exd5 Qxd3 13. Rxd3 Bf5 14. Rd1
cxd5 15. Nxd5 Nxd5 16. Rxd5 Be6 17. Bb5+ Kf8 18. Rdd1 a6 19. Bd7 Bxa2 20. Rhe1
f6 21. Bf5 Bf7 22. Rd7 Bc5 23. Rxb7 g5 24. Bd2 a5 25. Bc3 Kg7 26. Re6 Rhf8 27.
Rxf6 Kg8 28. Rfxf7 Be3+ 29. Kb1 Rxf7 30. Be6 Raf8 31. Bxa5 Kg7 32. Rxf7+ Rxf7
33. Bxf7 Kxf7 34. c4 Ke6 35. Kc2 Kd6 36. Bd2 Bf4 37. Bxf4+ gxf4 38. Kd3 1-0

[Event "C.to Provinciale RM"]
[Site "Roma ITA"]
[Date "1997.??.??"]
[Round "3"]
[White "Drago, Valentino"]
[Black "Satta, Vladimiro"]
[Result "0-1"]
[WhiteElo "1624"]
[BlackElo "2230"]
[PlyCount "70"]
[EventDate "1997.??.??"]

1. d4 Nf6 2. Bf4 g6 3. e3 Bg7 4. Nf3 O-O 5. Nbd2 d6 6. h3 Nbd7 7. Be2 b6 8. c3
Bb7 9. Qc2 Qe8 10. O-O e5 11. Bh2 Qe7 12. dxe5 dxe5 13. Ng5 Nd5 14. Nge4 f5 15.
c4 Nb4 16. Qb3 fxe4 17. Bg4 Nf6 18. Be2 c5 19. a3 Nc6 20. f3 exf3 21. Bxf3 e4
22. Be2 Rad8 23. Qc2 Ne5 24. a4 Nd3 25. a5 Bh6 26. axb6 Bxe3+ 27. Kh1 axb6 28.
Bxd3 exd3 29. Qd1 Ng4 30. Ne4 Qxe4 31. Qxg4 Rxf1+ 32. Rxf1 Qxg4 33. hxg4 d2 34.
Rd1 Bc8 35. Bc7 Bxg4 0-1

[Event "C.to Provinciale RM"]
[Site "Roma ITA"]
[Date "1997.??.??"]
[Round "3"]
[White "Farina, Saverio"]
[Black "De Carolis, Maurizio"]
[Result "1-0"]
[WhiteElo "2195"]
[BlackElo "1702"]
[PlyCount "89"]
[EventDate "1997.??.??"]

1. d4 d5 2. c4 c6 3. Nc3 e6 4. e4 dxe4 5. Nxe4 Nf6 6. Bg5 Nbd7 7. Nf3 Qa5+ 8.
Bd2 Qc7 9. Bd3 Nxe4 10. Bxe4 Nf6 11. Bc2 Bd6 12. O-O Bd7 13. c5 Bf4 14. Bxf4
Qxf4 15. Qd2 Qxd2 16. Nxd2 O-O 17. Nc4 Rad8 18. Rfe1 Bc8 19. Rad1 Rd7 20. Be4
Rfd8 21. Nd6 Ne8 22. Nxe8 Rxe8 23. d5 cxd5 24. Bxd5 Red8 25. Bf3 Rxd1 26. Rxd1
Rxd1+ 27. Bxd1 Bd7 28. Bf3 Bc6 29. Bxc6 bxc6 30. f4 f6 31. Kf2 h5 32. Ke3 Kf7
33. Ke4 g6 34. g3 Ke7 35. h3 Kd7 36. g4 Ke7 37. g5 Kf7 38. gxf6 Kxf6 39. h4 e5
40. fxe5+ Ke6 41. Kf4 a5 42. Kg5 Kxe5 43. Kxg6 Kf4 44. Kxh5 Kf5 45. b3 1-0

[Event "C.to Provinciale RM"]
[Site "Roma ITA"]
[Date "1997.??.??"]
[Round "3"]
[White "Passerotti, Pierluigi"]
[Black "Bellincampi, Stefano"]
[Result "1-0"]
[WhiteElo "2310"]
[BlackElo "2070"]
[PlyCount "99"]
[EventDate "1997.??.??"]

1. d4 Nf6 2. Nf3 d5 3. c4 e6 4. Nc3 Nbd7 5. cxd5 exd5 6. Bg5 Bb4 7. e3 c5 8.
Bd3 Qa5 9. O-O O-O 10. Rc1 c4 11. Bb1 Bxc3 12. bxc3 Ne4 13. Bf4 Ndf6 14. Ne5
Nxc3 15. Qd2 b5 16. Qxc3 b4 17. Nc6 bxc3 18. Nxa5 Re8 19. Rxc3 Re6 20. Bf5 Ra6
21. Bxc8 Rxc8 22. Nb7 Rxa2 23. Nc5 Rc6 24. Rb1 Rb6 25. Rcc1 h6 26. f3 Nh5 27.
Bc7 Rxb1 28. Rxb1 f5 29. Kf1 Nf6 30. Be5 a5 31. Bxf6 gxf6 32. Nd7 a4 33. Nxf6+
Kf7 34. Nxd5 a3 35. Rc1 Rb2 36. Nc3 Ke7 37. Nd1 Rb4 38. Ra1 Rb3 39. Ke2 Kd6 40.
Kd2 Kc6 41. Kc2 Kb5 42. Nc3+ Kb4 43. Nd5+ Ka4 44. Ra2 Rd3 45. g4 f4 46. exf4
Rxf3 47. Ra1 Rb3 48. f5 Rf3 49. f6 Rd3 50. Rf1 1-0

[Event "C.to Provinciale RM"]
[Site "Roma ITA"]
[Date "1997.??.??"]
[Round "3"]
[White "Piccioni, Marco"]
[Black "Vignato, Giovanni"]
[Result "1/2-1/2"]
[WhiteElo "1651"]
[BlackElo "2150"]
[PlyCount "39"]
[EventDate "1997.??.??"]

1. e4 c6 2. d4 d5 3. exd5 cxd5 4. c4 Nf6 5. Nf3 e6 6. Nc3 Be7 7. Bd3 dxc4 8.
Bxc4 O-O 9. O-O a6 10. a3 b5 11. Bb3 Bb7 12. Bg5 Nbd7 13. d5 exd5 14. Nxd5 Nxd5
15. Bxd5 Bxd5 16. Qxd5 Bxg5 17. Qxg5 Qxg5 18. Nxg5 h6 19. Nf3 Rac8 20. Rac1
1/2-1/2

[Event "C.to Provinciale RM"]
[Site "Roma ITA"]
[Date "1997.??.??"]
[Round "3"]
[White "Pierangeli, Andrea"]
[Black "Marzano, Carlo"]
[Result "1/2-1/2"]
[WhiteElo "1783"]
[BlackElo "2160"]
[PlyCount "52"]
[EventDate "1997.??.??"]

1. e4 g6 2. d4 Bg7 3. Be3 c5 4. c3 Qb6 5. Qd2 cxd4 6. Bxd4 Bxd4 7. cxd4 d6 8.
Nc3 e6 9. Bb5+ Bd7 10. Bxd7+ Nxd7 11. Nf3 Ne7 12. O-O O-O 13. Rac1 Rac8 14. Rc2
Rc4 15. Rfc1 Rfc8 16. b3 R4c7 17. Na4 Rxc2 18. Rxc2 Rxc2 19. Qxc2 Qc6 20. Qxc6
bxc6 21. Nc3 f6 22. Nd2 Kf7 23. f3 Ke8 24. Kf2 Kd8 25. Ke3 Kc7 26. g4 a6
1/2-1/2

[Event "C.to Provinciale RM"]
[Site "Roma ITA"]
[Date "1997.??.??"]
[Round "3"]
[White "Quimi, Marco"]
[Black "Scacco, Mauro"]
[Result "1-0"]
[WhiteElo "2240"]
[BlackElo "2045"]
[PlyCount "76"]
[EventDate "1997.??.??"]

1. e4 e5 2. Nf3 Nc6 3. Bb5 a6 4. Ba4 Nf6 5. O-O Be7 6. Re1 b5 7. Bb3 O-O 8. a4
Na5 9. Ba2 Bb7 10. d3 d6 11. Nc3 b4 12. Ne2 Nd7 13. Ng3 g6 14. Bd2 c5 15. c3
Nc6 16. Nf1 a5 17. Bh6 Nf6 18. Bxf8 Bxf8 19. Ng5 d5 20. exd5 Nxd5 21. Nxf7 Kxf7
22. Qf3+ Ke6 23. Ne3 Nce7 24. d4 Bg7 25. dxe5 Qf8 26. Qh3+ Nf5 27. Rad1 Rd8 28.
Rd3 Bh6 29. Nxd5 Bxd5 30. Red1 Bxa2 31. Rxd8 Qg7 32. g4 bxc3 33. bxc3 Bg5 34.
gxf5+ gxf5 35. R1d6+ Kxe5 36. Qg2 f4 37. Rd5+ Bxd5 38. Qxd5+ Kf6 1-0

[Event "C.to Provinciale RM"]
[Site "Roma ITA"]
[Date "1997.??.??"]
[Round "3"]
[White "Simeoni, Matteo"]
[Black "Colesanti, Ugo Maria"]
[Result "0-1"]
[WhiteElo "1830"]
[BlackElo "1552"]
[PlyCount "99"]
[EventDate "1997.??.??"]

1. e4 c5 2. Nf3 Nc6 3. d4 cxd4 4. Nxd4 g6 5. Nxc6 bxc6 6. Qd4 Nf6 7. e5 Nd5 8.
e6 f6 9. exd7+ Bxd7 10. Bc4 e5 11. Qd1 Be6 12. O-O Bg7 13. Qe2 O-O 14. Nd2 h6
15. Nf3 Kh7 16. Rd1 Qc7 17. b3 Nc3 18. Qd3 Rad8 19. Qxc3 Rxd1+ 20. Bf1 e4 21.
Nd4 Bd5 22. Ba3 Rxa1 23. Qxa1 Rd8 24. Qe1 f5 25. Ne2 Bf7 26. Bc1 Be5 27. Nc3
Bxh2+ 28. Kh1 Bf4 29. Bb2 Qe7 30. g3 Bd2 31. Qe2 e3 32. Nd1 Qe4+ 33. Bg2 Qxc2
34. fxe3 Qd3 35. Qf2 Ba5 36. Kh2 Qxd1 37. Qf4 Qh5+ 38. Kg1 Rd1+ 39. Bf1 Qe2 40.
Bd4 Bd2 41. g4 Rxf1+ 42. Qxf1 Qxf1+ 43. Kxf1 fxg4 44. Bxa7 g3 45. Kg2 Be1 46.
e4 h5 47. Bb8 h4 48. Kh3 g5 49. e5 Be6+ 50. Kg2 0-1

[Event "C.to Provinciale RM"]
[Site "Roma ITA"]
[Date "1997.??.??"]
[Round "3"]
[White "Tamburini, Massimiliano"]
[Black "Franceschi, Riccardo"]
[Result "1-0"]
[WhiteElo "1549"]
[BlackElo "1836"]
[PlyCount "121"]
[EventDate "1997.??.??"]

1. c4 Nf6 2. Nc3 e6 3. g3 Be7 4. Bg2 O-O 5. d4 c6 6. Nf3 Bb4 7. Bg5 Bxc3+ 8.
bxc3 Qa5 9. Bd2 Ne4 10. Qc2 Nd6 11. Qb3 b6 12. O-O Ba6 13. c5 bxc5 14. dxc5 Ne4
15. Qb4 Qxc5 16. Qxe4 d5 17. Qb4 Nd7 18. Rfe1 Rab8 19. Qxc5 Nxc5 20. Ne5 Rb2
21. Be3 Na4 22. Bc1 Rc2 23. Nxc6 Nxc3 24. Nd4 Rxa2 25. Rxa2 Nxa2 26. e3 Rb8 27.
Ba3 Bc4 28. Bf1 Bxf1 29. Rxf1 Nc3 30. h4 h5 31. Kg2 Rb7 32. Rc1 Ne4 33. Nf3 a5
34. Rc8+ Kh7 35. Ng5+ Nxg5 36. hxg5 Ra7 37. Kh3 Rb7 38. Ra8 Rb1 39. Rxa5 Rh1+
40. Kg2 Ra1 41. Bb4 Rd1 42. Bd6 Kg6 43. Ra7 Rb1 44. Bf4 f6 45. gxf6 gxf6 46.
Ra6 Kf5 47. Ra5 Ke4 48. Bh6 e5 49. f3+ Kd3 50. Rxd5+ Ke2 51. Rd6 f5 52. Rd5 Rf1
53. Rd2+ Ke1 54. e4 f4 55. Ra2 fxg3 56. Kxg3 Rg1+ 57. Rg2 Rf1 58. Ra2 h4+ 59.
Kxh4 Rxf3 60. Kg4 Rb3 61. Kf5 1-0

[Event "C.to Provinciale RM"]
[Site "Roma ITA"]
[Date "1997.??.??"]
[Round "3"]
[White "Tinari, Marco"]
[Black "Corvi, Marco"]
[Result "0-1"]
[WhiteElo "1857"]
[BlackElo "2260"]
[PlyCount "46"]
[EventDate "1997.??.??"]

1. c4 f5 2. d4 Nf6 3. Nf3 d6 4. Nc3 g6 5. Qc2 Bg7 6. h4 Nc6 7. Bg5 Ng4 8. e3 h6
9. Bf4 e5 10. dxe5 dxe5 11. Bg3 Be6 12. Rd1 Qe7 13. Be2 O-O 14. Nd5 Qf7 15. O-O
Rad8 16. Qb3 b6 17. Qb5 Nb8 18. Qb3 c6 19. Nb4 b5 20. Qc3 f4 21. Bh2 e4 22. Nd4
c5 23. Nxe6 Qxe6 0-1

[Event "C.to Provinciale RM"]
[Site "Roma ITA"]
[Date "1997.??.??"]
[Round "3"]
[White "Tosoni, Augusto"]
[Black "Sibilio, Mario"]
[Result "0-1"]
[WhiteElo "2116"]
[BlackElo "2320"]
[PlyCount "70"]
[EventDate "1997.??.??"]

1. e4 g6 2. d4 Bg7 3. Nf3 d6 4. Be2 Nf6 5. Nc3 O-O 6. O-O Nc6 7. h3 a6 8. a4 e6
9. Be3 b6 10. Qd2 Bb7 11. Bd3 Ne7 12. Bh6 c5 13. Bxg7 Kxg7 14. e5 dxe5 15. dxe5
Nfd5 16. Ne4 Nf5 17. Rad1 Qe7 18. Rfe1 Rad8 19. Qc1 Nb4 20. Qf4 Nd5 21. Qc1 Nb4
22. Qf4 h6 23. g4 Nd4 24. c3 Nxd3 25. Rxd3 Ne2+ 26. Rxe2 Rxd3 27. h4 Bxe4 28.
Rxe4 f5 29. Re3 fxg4 30. Qxg4 Rxe3 31. fxe3 Qf7 32. Kg2 Qf5 33. Qg3 Qe4 34. b4
Qxe3 35. h5 g5 0-1

[Event "C.to Provinciale RM"]
[Site "Roma ITA"]
[Date "1997.??.??"]
[Round "4"]
[White "Barro, Carlo"]
[Black "De Vita, Igor"]
[Result "0-1"]
[WhiteElo "1747"]
[BlackElo "2115"]
[PlyCount "110"]
[EventDate "1997.??.??"]

1. Nf3 Nf6 2. g3 g6 3. Bg2 Bg7 4. d3 d6 5. Nbd2 c5 6. O-O O-O 7. e4 Nc6 8. h3
Bd7 9. Re1 Qc7 10. c3 b5 11. Qe2 Nh5 12. Nf1 e5 13. Ne3 Ne7 14. Kh2 Rab8 15. c4
Nf6 16. Nd2 Nc6 17. b3 Nd4 18. Qd1 b4 19. Nf3 Nxf3+ 20. Bxf3 Be6 21. Qe2 a5 22.
Rg1 a4 23. g4 Ra8 24. Bb2 Ra7 25. g5 Nd7 26. h4 Rfa8 27. Rac1 axb3 28. axb3 Ra2
29. Bg4 R8a3 30. Bxe6 fxe6 31. Qc2 Nb8 32. Ra1 Qf7 33. Rxa2 Qf4+ 34. Kh3 Rxa2
35. Ra1 Rxa1 36. Bxa1 h6 37. Ng2 Qf3+ 38. Kh2 hxg5 39. hxg5 Qh5+ 40. Kg1 Qxg5
41. Qa2 Qc1+ 42. Kh2 Qa3 43. Qe2 Qxa1 44. Qg4 Qa7 45. Qxe6+ Qf7 46. Qc8+ Qf8
47. Qe6+ Kh7 48. f4 exf4 49. Qh3+ Bh6 50. Ne1 Qe7 51. Nf3 Nd7 52. d4 cxd4 53.
Nxd4 Nf8 54. Nf3 Ne6 55. e5 dxe5 0-1

[Event "C.to Provinciale RM"]
[Site "Roma ITA"]
[Date "1997.??.??"]
[Round "4"]
[White "Bellincampi, Stefano"]
[Black "Gardon, Ermanno"]
[Result "1/2-1/2"]
[WhiteElo "2070"]
[BlackElo "1722"]
[PlyCount "90"]
[EventDate "1997.??.??"]

1. e4 e6 2. d4 c5 3. c3 d5 4. e5 Qb6 5. Nf3 Bd7 6. Be2 Nc6 7. O-O a5 8. Re1 Na7
9. Bd3 Bb5 10. Bc2 Nc6 11. dxc5 Bxc5 12. Be3 Nge7 13. Bxc5 Qxc5 14. a4 Ba6 15.
Nbd2 Ng6 16. Rb1 Qe7 17. Nb3 b6 18. Nbd4 Qc7 19. Nxc6 Qxc6 20. Qd4 Qc7 21. Rbd1
Ne7 22. Qg4 g6 23. Qg5 O-O-O 24. Qd2 Nc6 25. b4 Bc4 26. Rb1 Kb7 27. Qe3 Rc8 28.
Rb2 Ka7 29. bxa5 Nxa5 30. Reb1 Rb8 31. Nd4 Qc5 32. Bd3 Rhc8 33. g3 Rb7 34. Qe2
Ka8 35. Nb5 Bxb5 36. Rxb5 Qc7 37. R5b4 Ka7 38. Ba6 Rcb8 39. Bxb7 Rxb7 40. Qe3
Nc4 41. Qd4 Qxe5 42. Qxe5 Nxe5 43. a5 Nc4 44. axb6+ Rxb6 45. Kg2 Kb7 1/2-1/2

[Event "C.to Provinciale RM"]
[Site "Roma ITA"]
[Date "1997.??.??"]
[Round "4"]
[White "Colesanti, Ugo Maria"]
[Black "Marta, Daniele"]
[Result "0-1"]
[WhiteElo "1552"]
[BlackElo "1816"]
[PlyCount "78"]
[EventDate "1997.??.??"]

1. d4 Nf6 2. Nf3 g6 3. e3 Bg7 4. c4 d6 5. Nc3 O-O 6. Be2 Nbd7 7. O-O c6 8. b4
Qc7 9. Bb2 e5 10. a4 e4 11. Nd2 d5 12. a5 Re8 13. b5 a6 14. bxc6 bxc6 15. Nb3
Rb8 16. Na4 h5 17. c5 Ng4 18. Bxg4 hxg4 19. Nb6 f5 20. Qe2 Kf7 21. f4 exf3 22.
gxf3 gxf3 23. Qxf3 Nf6 24. Qf4 Qxf4 25. exf4 Re2 26. Rab1 Be6 27. Rfe1 Re4 28.
Rxe4 fxe4 29. Na1 Nh5 30. Rf1 Bh3 31. Rf2 Re8 32. Nc2 Bg4 33. Ne3 Bf3 34. f5
Nf4 35. fxg6+ Kxg6 36. Kf1 Nd3 37. Ba1 Bh6 38. Rg2+ Bxg2+ 39. Nxg2 Rf8+ 0-1

[Event "C.to Provinciale RM"]
[Site "Roma ITA"]
[Date "1997.??.??"]
[Round "4"]
[White "Coscia, Alberto"]
[Black "Tinari, Marco"]
[Result "0-1"]
[WhiteElo "1658"]
[BlackElo "1857"]
[PlyCount "92"]
[EventDate "1997.??.??"]

1. e4 d6 2. d4 g6 3. c3 Bg7 4. Nf3 Nf6 5. Bd3 a6 6. O-O O-O 7. h3 c5 8. d5 b5
9. Re1 Nbd7 10. a4 c4 11. Bc2 Bb7 12. Be3 Qc7 13. Nbd2 Nc5 14. Bxc5 Qxc5 15.
Nd4 b4 16. Qe2 b3 17. Bd1 Rac8 18. Qf1 Nd7 19. N2f3 Ne5 20. Be2 Nxf3+ 21. Nxf3
a5 22. Nd2 Ba6 23. Rab1 f5 24. Nxb3 Qb6 25. Nd2 fxe4 26. Nxe4 Rf4 27. Ng5 Rcf8
28. Bf3 Bc8 29. Qe2 Be5 30. Rf1 Qc5 31. Qe3 Qc7 32. g3 R4f6 33. Bg2 h6 34. Ne4
Kg7 35. f4 Bxf4 36. Rxf4 Rxf4 37. gxf4 Bf5 38. Kh2 Qd7 39. Ra1 Qb7 40. Qd2 Rf7
41. Ng3 Bd3 42. Re1 Qd7 43. Qd1 Rxf4 44. Qd2 Rf7 45. Re6 Qxa4 46. Ne4 Qc2 0-1

[Event "C.to Provinciale RM"]
[Site "Roma ITA"]
[Date "1997.??.??"]
[Round "4"]
[White "De Carolis, Maurizio"]
[Black "Palombi, Roberto"]
[Result "0-1"]
[WhiteElo "1702"]
[BlackElo "2055"]
[PlyCount "118"]
[EventDate "1997.??.??"]

1. d4 Nf6 2. Nf3 e6 3. e3 b6 4. Bd3 Bb7 5. Nbd2 c5 6. b3 Nc6 7. a3 d5 8. Bb2
Bd6 9. Ne5 Qe7 10. O-O O-O 11. f4 g6 12. Qf3 Ne8 13. Qh3 f5 14. Ndf3 Nf6 15.
Ng5 Rac8 16. Qh6 Nd8 17. dxc5 bxc5 18. c4 Bxe5 19. Bxe5 Ng4 20. Bd6 Nxh6 21.
Bxe7 Re8 22. Bd6 Ndf7 23. Nxf7 Nxf7 24. Be5 Nxe5 25. fxe5 Red8 26. h4 h5 27.
Rf4 Kf7 28. Rc1 Ke7 29. Bf1 dxc4 30. Rfxc4 Rd5 31. Kf2 Rxe5 32. b4 Ba6 33. R4c3
Bxf1 34. Kxf1 Kd6 35. Kf2 Rc6 36. Kf3 Ra6 37. bxc5+ Kc6 38. g3 Ra4 39. R1c2 Rd5
40. Rc1 e5 41. R1c2 a6 42. Rc1 Ra5 43. e4 Rdxc5 44. exf5 gxf5 45. Ke3 Rxc3+ 46.
Rxc3+ Kb5 47. Kd3 Ka4 48. Kc4 Rb5 49. Re3 Ka5 50. Rd3 e4 51. Rd6 Re5 52. Kd4 e3
53. Kxe5 e2 54. Rd5+ Kb6 55. Rd6+ Kb7 56. Rd7+ Kb8 57. Kd6 e1=Q 58. Kc6 Qe8 59.
a4 Kc8 0-1

[Event "C.to Provinciale RM"]
[Site "Roma ITA"]
[Date "1997.??.??"]
[Round "4"]
[White "Marta, Daniele"]
[Black "Vignato, Giovanni"]
[Result "1/2-1/2"]
[WhiteElo "1816"]
[BlackElo "2150"]
[PlyCount "39"]
[EventDate "1997.??.??"]

1. Nf3 f5 2. d4 Nf6 3. c4 g6 4. Nc3 Bg7 5. g3 O-O 6. Bg2 d6 7. d5 Nbd7 8. O-O
Nb6 9. Qd3 Kh8 10. Nd4 Bd7 11. a4 a5 12. b3 Qe8 13. e4 fxe4 14. Nxe4 Nxe4 15.
Bxe4 Bh3 16. Re1 Nd7 17. Qe3 Nc5 18. Bh1 Qf7 19. Ra2 Rae8 20. Bg2 1/2-1/2

[Event "C.to Provinciale RM"]
[Site "Roma ITA"]
[Date "1997.??.??"]
[Round "4"]
[White "Marzano, Carlo"]
[Black "Giangregorio, Pasquale"]
[Result "1-0"]
[WhiteElo "2160"]
[BlackElo "1839"]
[PlyCount "85"]
[EventDate "1997.??.??"]

1. d4 c6 2. c4 d5 3. Nc3 Nf6 4. Bf4 dxc4 5. e4 Bg4 6. f3 Bc8 7. Bxc4 e6 8. Nge2
Be7 9. O-O O-O 10. a4 a5 11. Rc1 Na6 12. Qd2 Nb4 13. Rfd1 b6 14. Be3 Bb7 15.
Nf4 Qc7 16. Qf2 Rad8 17. Bb3 c5 18. Nb5 Qb8 19. Bxe6 fxe6 20. Nxe6 cxd4 21. Bf4
Nxe4 22. fxe4 Rxf4 23. Qxf4 Qxf4 24. Nxf4 Bc5 25. Ne6 Rc8 26. Nxc5 Rxc5 27.
Nxd4 Bxe4 28. Rxc5 bxc5 29. Nb3 Nd3 30. Rd2 Kf7 31. Nxa5 Ke6 32. Nc4 Kd5 33.
Nb6+ Kd4 34. a5 c4 35. a6 Kc5 36. Na4+ Kb4 37. Nc3 Bc6 38. Nd1 Kb5 39. a7 Kb6
40. Ne3 Ne5 41. Rd6 Kxa7 42. Nxc4 Nxc4 43. Rxc6 1-0

[Event "C.to Provinciale RM"]
[Site "Roma ITA"]
[Date "1997.??.??"]
[Round "4"]
[White "Piancatelli, Marco"]
[Black "Scagliarini, Valentina"]
[Result "1/2-1/2"]
[WhiteElo "1825"]
[BlackElo "1642"]
[PlyCount "140"]
[EventDate "1997.??.??"]

1. d4 d5 2. Nf3 e6 3. c4 Nf6 4. Nc3 Be7 5. Bg5 Nbd7 6. e3 a6 7. cxd5 exd5 8.
Bd3 O-O 9. O-O Re8 10. Rc1 c6 11. Bb1 Nf8 12. h3 Ne4 13. Bxe7 Qxe7 14. Ne5 Nd6
15. a3 Bf5 16. Bxf5 Nxf5 17. Na4 f6 18. Nd3 Ng6 19. Ndc5 Nd6 20. Nb6 Rad8 21.
b4 Qc7 22. Nba4 Nc4 23. Qg4 Rd6 24. Ra1 Nf8 25. Nc3 Qf7 26. a4 Rdd8 27. Ra2 Nd6
28. Rb1 Ra8 29. Qf3 b6 30. Nb3 b5 31. axb5 axb5 32. Rba1 Rxa2 33. Rxa2 Ne6 34.
Na5 Qd7 35. Ne2 Ra8 36. Nf4 Nc4 37. Nxe6 Qxe6 38. Qg4 Qxg4 39. hxg4 Kf7 40. Kf1
Ke6 41. Ke2 Kd7 42. Ra1 Kc7 43. Kd3 Kb6 44. Nb3 Ra4 45. Kc3 Nd6 46. f3 Rxa1 47.
Nxa1 Nc4 48. Kd3 Nb2+ 49. Ke2 Kc7 50. Nb3 Kd6 51. Nc5 Nc4 52. f4 Nb6 53. f5 g6
54. Ne6 Nd7 55. Nf4 gxf5 56. gxf5 Nb8 57. Kd2 Na6 58. Kc3 Nc7 59. Nh5 Ke7 60.
Nf4 Ne8 61. Ne6 Nd6 62. g4 Ne4+ 63. Kc2 Nf2 64. g5 fxg5 65. Nxg5 Kf6 66. Nxh7+
Kxf5 67. Nf8 Ke4 68. Kd2 Nd3 69. Kc3 Kxe3 70. Ne6 Nf2 1/2-1/2

[Event "C.to Provinciale RM"]
[Site "Roma ITA"]
[Date "1997.??.??"]
[Round "4"]
[White "Russi, Roberto"]
[Black "Tosoni, Augusto"]
[Result "1-0"]
[WhiteElo "1690"]
[BlackElo "2116"]
[PlyCount "57"]
[EventDate "1997.??.??"]

1. c4 Nf6 2. Nc3 e6 3. e4 d5 4. e5 d4 5. exf6 dxc3 6. bxc3 Qxf6 7. d4 e5 8. Nf3
exd4 9. Bg5 Qe6+ 10. Be2 f6 11. Nxd4 Qd7 12. Be3 a6 13. O-O Be7 14. Bh5+ g6 15.
Bf3 O-O 16. Bd5+ Kh8 17. Bh6 Rd8 18. Qe2 Bf8 19. Bxf8 Rxf8 20. Rfe1 Nc6 21.
Nxc6 bxc6 22. Bf3 Bb7 23. Rad1 Qf7 24. Qe7 Rac8 25. h3 g5 26. c5 Kg8 27. Rd7 h6
28. Bd1 Qxe7 29. Rexe7 1-0

[Event "C.to Provinciale RM"]
[Site "Roma ITA"]
[Date "1997.??.??"]
[Round "4"]
[White "Satta, Vladimiro"]
[Black "Tersigni, Andrea"]
[Result "1-0"]
[WhiteElo "2230"]
[BlackElo "1777"]
[PlyCount "95"]
[EventDate "1997.??.??"]

1. e4 e6 2. d4 d5 3. Nd2 Nf6 4. e5 Nfd7 5. Bd3 c5 6. c3 Nc6 7. Ne2 cxd4 8. cxd4
Bb4 9. O-O Nb6 10. Nf3 Be7 11. Ng3 f6 12. exf6 Bxf6 13. Nh5 Bd7 14. Nxf6+ gxf6
15. Ng5 Ke7 16. b3 Qg8 17. Nf3 Re8 18. Bf4 Kd8 19. Qd2 h5 20. Rfe1 Qg7 21. b4
Rhg8 22. Bg3 e5 23. dxe5 Nxe5 24. Qf4 Nxf3+ 25. gxf3 Re5 26. Kh1 Qg5 27. Rxe5
Qxf4 28. Bxf4 fxe5 29. Bxe5 Nc4 30. Bd4 Bh3 31. Rg1 Rxg1+ 32. Kxg1 a6 33. Bg6
Nd6 34. Bxh5 Nb5 35. Bf6+ Kd7 36. Bg4+ Bxg4 37. fxg4 d4 38. Kf1 Ke6 39. g5 Kf5
40. h4 d3 41. Ke1 Nd6 42. Kd2 Ne4+ 43. Kxd3 Nxf2+ 44. Kd4 Ne4 45. Kd5 Nd2 46.
Kc5 Ne4+ 47. Kb6 Nd6 48. Bd8 1-0

[Event "C.to Provinciale RM"]
[Site "Roma ITA"]
[Date "1997.??.??"]
[Round "4"]
[White "Scacco, Mauro"]
[Black "Occhipinti, Massimo"]
[Result "1-0"]
[WhiteElo "2045"]
[BlackElo "1749"]
[PlyCount "45"]
[EventDate "1997.??.??"]

1. e4 c5 2. Nf3 d6 3. d4 cxd4 4. Nxd4 Nf6 5. Nc3 a6 6. Bg5 e6 7. Qf3 Nbd7 8.
O-O-O Qc7 9. Qg3 b5 10. Bxb5 axb5 11. Ndxb5 Qc5 12. Rhe1 Ne5 13. f4 Nc4 14. e5
Rb8 15. exf6 Qb4 16. b3 Rxb5 17. Nxb5 Na3 18. Nxa3 Qxa3+ 19. Kb1 Rg8 20. Qc3
Kd7 21. f5 Bb7 22. fxe6+ fxe6 23. Qh3 1-0

[Event "C.to Provinciale RM"]
[Site "Roma ITA"]
[Date "1997.??.??"]
[Round "4"]
[White "Scagliarini, Bruno"]
[Black "Piccioni, Marco"]
[Result "1-0"]
[WhiteElo "1974"]
[BlackElo "1651"]
[PlyCount "91"]
[EventDate "1997.??.??"]

1. c4 e6 2. g3 d5 3. Bg2 Nf6 4. Nf3 Be7 5. b3 O-O 6. Bb2 b6 7. O-O Bb7 8. e3
Nbd7 9. Nc3 Nc5 10. d4 Nce4 11. Nd2 Nxc3 12. Bxc3 Rc8 13. Re1 c5 14. dxc5 Bxc5
15. Bb2 Ba6 16. Rc1 dxc4 17. Nxc4 Qe7 18. Qf3 Nd5 19. Red1 Rfd8 20. Qg4 Nf6 21.
Qh4 Ne8 22. Qg4 Nf6 23. Qf3 Nd5 24. h4 Rc7 25. h5 h6 26. Ne5 Bb7 27. e4 Nf6 28.
Qe2 Rcc8 29. Ng4 Nxg4 30. Qxg4 e5 31. Qf5 f6 32. Bh3 Rc7 33. Qe6+ Kf8 34. Qxe7+
Kxe7 35. Rxd8 Kxd8 36. Bf5 Bc8 37. Rd1+ Ke7 38. Bxc8 Rxc8 39. Rc1 Rd8 40. Rc2
Rd3 41. Kg2 Rd7 42. a3 a5 43. a4 Rd6 44. Kf1 Rd1+ 45. Ke2 Rd7 46. f4 1-0

[Event "C.to Provinciale RM"]
[Site "Roma ITA"]
[Date "1997.??.??"]
[Round "4"]
[White "Sibilio, Mario"]
[Black "Quimi, Marco"]
[Result "1-0"]
[WhiteElo "2320"]
[BlackElo "2240"]
[PlyCount "53"]
[EventDate "1997.??.??"]

1. e4 c5 2. Nf3 d6 3. Bb5+ Nd7 4. a4 Ngf6 5. Nc3 g6 6. d4 cxd4 7. Qxd4 Bg7 8.
e5 dxe5 9. Qh4 O-O 10. O-O a6 11. Bc4 e6 12. Bg5 Qc7 13. Rfe1 b6 14. Bb3 Bb7
15. Nxe5 h6 16. Nxg6 fxg6 17. Rxe6 Kh7 18. Bxh6 Nh5 19. Bxg7 Kxg7 20. Rae1 Rf6
21. Re7+ Kh6 22. g4 Qf4 23. Rxd7 Bc6 24. Rd4 Qf3 25. Bd5 Bxd5 26. Nxd5 Rd6 27.
Rd3 1-0